00271nam a2200121Ia 4500008004100000100000900041245003100050260002600081300000800107650001000115942000700125999001700132190216s9999||||xx |||||||||||||| ||und|| aNull 0aHindi-Indru Danus Ke Anthi bPoorna Pubs Kozhikode a104 aHindi cBK c15920d15920